01368nam a2200313Ia 4500001000700000003000500007008004100012010001100053040000900064090001700073100003900090245026400129260004100393300002900434502007600463650003500539650003400574650002500608650003900633700003800672901001700710902000600727910000900733942000600742942000600748999001900754952014200773952013900915Z_3605CHAP220113s2001 xx 000 0 und d a166688 cCHAP aTesis G 1512 aGonzález Alvarado, René948667 aEvaluación del comportamiento productivo en monocultivo entre Tilapía nilotica (Oreochromis niloticus L.) y Tilapía blanca (Oreochromis rocky mountain var. white) en estanques estacionarios /cpor René González Alvarado y Valentín Plasencia Vega aChapingo, Méx. :bEl autor,c2001 a61 h. ; ilus. : gráfs. aTesis (Ing. Agr. Esp. en Zootecnia) -- UACH. Departamento de Zootecnia aEstanques piscícolas 938273 aPecesxInvestigación986454 aPiscicultura 988531 7aTilapia (nombre común)29113299 aPlasencia Vega, Valentín989107 aTESIS G 1512 aM a2001 c2 c2 c166688d166688 00102local4051708TESISaZbZd2005-11-09eEL autorl0oTesis G66 1512 2001p5101002434r2022-01-18 00:00:00tEj.1w2022-01-18yTESIS 00102local40718TESISaZbZd2005-11-09eEL autorl0oTesis G66 1512 2001p5101002435r2022-01-18 00:00:00tEj.2w2022-01-18yTESIS